Dôsledky klimatickej zmeny v Etiópii a jej vplyv na potravinovú bezpečnosť diplomová práca

Na minha lista:
Detalhes bibliográficos
Autor principal: Móriová, Kristína
Autor Corporativo: Fakulta medzinárodných vzťahov EU. Katedra medzinárodných ekonomických vzťahov a hospodárskej diplomacie
Outros Autores: Černota, Mikuláš, 1979-
Formato: Livro
Idioma:eslovaco
Publicado em: Bratislava 2018
Tags: Adicionar Tag
Sem tags, seja o primeiro a adicionar uma tag!

MARC

LEADER 00000nbm a2200000 4500
001 0244436
005 20180808082636.8
041 0 |a slo 
044 |a SK 
245 1 0 |a Dôsledky klimatickej zmeny v Etiópii a jej vplyv na potravinovú bezpečnosť  |b diplomová práca  |c Kristína Móriová ; školiteľ: Mikuláš Černota 
264 1 |a Bratislava  |c 2018 
300 |a 76 s. 
100 1 |a Móriová, Kristína 
700 1 |a Černota, Mikuláš, 1979- 
710 2 |a Fakulta medzinárodných vzťahov EU. Katedra medzinárodných ekonomických vzťahov a hospodárskej diplomacie